| 000 | 00769nam a2200205Ia 4500 | ||
|---|---|---|---|
| 003 | GCL | ||
| 008 | 140319s9999 xx 000 0 ara d | ||
| 020 | _a0089059960 | ||
| 040 |
_aGCL / _cGCL |
||
| 082 | 0 | 4 |
_a418.24 _bن ت |
| 100 | 1 | _aناصف مصطفى عبدالعزيز | |
| 245 | 1 | 0 |
_aتدريبات فهم المسموع لغير الناطقين بالعربية / _cناصف مصطفى عبدالعزيز |
| 250 | _aالثانية | ||
| 260 |
_aالرياض : _bمكتبة الملك فهد الوطنية |
||
| 300 |
_a191 ص ؛ _c24 سم |
||
| 650 | 0 | 4 | _aاللغة العربية - الاملاء |
| 650 | 0 | 4 | _aاللغة العربية - اصوات |
| 650 | 0 | 4 | _aاللغة العربية - تعليم وتدريس للاجانب |
| 942 |
_2ddc _cBK |
||
| 999 |
_c26609 _d26609 |
||